Central Library OPAC University of Rajshahi

Mao and the Chinese revolution / (Record no. 25640)

MARC details
000 -LEADER
fixed length control field 01054nam a2200289 a 4500
001 - CONTROL NUMBER
control field 25640
003 - CONTROL NUMBER IDENTIFIER
rucl marc code BD-RjUL
005 - DATE AND TIME OF LATEST TRANSACTION
control field 20211209050915.0
008 - FIXED-LENGTH DATA ELEMENTS--GENERAL INFORMATION
fixed length control field 140318r19661965enkbc b 001 0beng d
035 ## - SYSTEM CONTROL NUMBER
System control number (BD-RjUL)25710
040 ## - CATALOGING SOURCE
Original cataloging agency DLC
Transcribing agency DLC
Modifying agency UKM
-- EQO
-- BD-RjUL
Language of cataloging eng
041 1# - LANGUAGE CODE
Language code of text/sound track or separate title eng
Language code of original chi
082 ## - DEWEY DECIMAL CLASSIFICATION NUMBER
Classification number 923.151
Author mark and year CHM 1966
100 1# - MAIN ENTRY--PERSONAL NAME
Personal name Chʼên, Jerome,
Dates associated with a name 1919-
9 (RLIN) 78782
245 10 - TITLE STATEMENT
Title Mao and the Chinese revolution /
Statement of responsibility, etc. by Jerome Chʿên, with thirty-seven poems by Mao Tse-tung translated from the Chinese by Michael Bullock and Jerome Chʿên.
260 ## - PUBLICATION, DISTRIBUTION, ETC. (IMPRINT)
Place of publication, distribution, etc. Oxford University Press :
Name of publisher, distributor, etc. London,
Date of publication, distribution, etc. 1965 [reprinted 1966]
300 ## - PHYSICAL DESCRIPTION
Pagination ix, 419 p. :
Illustrations maps, port. ;
Size 23 cm.
504 ## - BIBLIOGRAPHY, ETC. NOTE
Bibliography, etc Includes Bibliography: p. 392-410 and index.
600 10 - SUBJECT ADDED ENTRY--PERSONAL NAME
Personal name Mao, Zedong,
Dates associated with a name 1893-1976.
Personal name Mao, Zedong,
Dates associated with a name 1893-1976
650 #0 - SUBJECT ADDED ENTRY--TOPICAL TERM
Topical term or geographic name as entry element Chinese poetry
Form subdivision Translations into English.
9 (RLIN) 69743
Topical term or geographic name as entry element Communism
Geographic subdivision China
9 (RLIN) 78783
700 1# - ADDED ENTRY--PERSONAL NAME
Personal name Mao, Zedong,
Dates associated with a name 1893-1976.
942 ## - ADDED ENTRY ELEMENTS (KOHA)
Source of classification or shelving scheme Dewey Decimal Classification
Koha item type Books
Holdings
Lost status Source of classification or shelving scheme Damaged status Not for loan Collection code Permanent Location Current Location Shelving location Date acquired Source of acquisition Cost, normal purchase price Total Checkouts Full call number Date last seen Copy number Koha item type
  Dewey Decimal Classification   Added to bundle Non-fiction Central Library, University of Rajshahi Central Library, University of Rajshahi Reading Room 09/06/1967 Paramount book cor. 35.70   923.151 CHM 1966 18/03/2014 C-1 Books